000
00302nam a2200121Ia 4500
003
GCL
008
140319s9999 xx 000 0 eng d
040
_a
GCL /
_c
GCL
082
0
4
_a
512.9
_b
S C
245
1
0
_a
COLLEGE ALGEBRA, 3RD ED.
260
_a
[S.N] :
_b
MACMILLAN PUBBISHING CO ،
_c
1993
300
_a
694 P
999
_c
20784
_d
20784